El Salvador: dificultades de la paz americana /
Guardado en:
| Autor principal: | |
|---|---|
| Formato: | Texto |
| Materias: | |
| Etiquetas: |
Agregar Etiqueta
Sin Etiquetas, Sea el primero en etiquetar este registro!
|
MARC
| LEADER | 00000 a a2200000 04500 | ||
|---|---|---|---|
| 001 | 10453 | ||
| 003 | |||
| 040 | |||
| 100 | |a Molina y Vedia, Eduardo | ||
| 245 | |a El Salvador: dificultades de la paz americana / |c Eduardo Molina y Vedia | ||
| 650 | |a PAZ | ||
| 650 | |a PARTIDOS POLITICOS | ||
| 650 | |a MEDIOS DE COMUNICACION | ||
| 650 | |a ORGANIZACIONES INTERGUBERNAMENTALES | ||
| 650 | |a LIBERALIZACION DEL INTERCAMBIO | ||
| 650 | |a GUERRA CIVIL | ||
| 650 | |a CONVIVENCIA PACIFICA | ||
| 650 | |a GATT | ||
| 773 | |g número 115; páginas 11-16 | ||
| 999 | |c 25840 |d 25840 | ||
